| 000 | 00716nam a2200229Ia 4500 | ||
|---|---|---|---|
| 003 | OSt | ||
| 005 | 20220926011939.0 | ||
| 006 | a|||||r|||| 00| 0 | ||
| 007 | ta | ||
| 008 | 220923b |||||||| |||| 00| 0 eng d | ||
| 037 | _cGeneral Book | ||
| 040 |
_aRTL _cRTL _beng |
||
| 041 |
_2eng _aeng |
||
| 082 | _aX:8:(D6,9(B), L6 | ||
| 100 |
_aEnger Norman L. _9315269 |
||
| 245 | 0 | _aManagement standards for developing information sy | |
| 260 |
_aNew York _bAmerican Management Association U. S. A. _c1976 |
||
| 300 |
_aix, 227p. Bibliography p.205-06; Glossary p.207-17 _ccm. |
||
| 650 |
_aManagement _930681 |
||
| 942 |
_hX:8:(D6,9(B), L6 _cGB _2CC |
||
| 999 |
_c621318 _d621318 |
||